Statistics for First word of country

Click here to take the quiz!

General Stats

  • This quiz has been taken 44 times
  • The average score is 21 of 21

Answer Stats

HintAnswer% Correct
FasoBurkina
100%
VerdeCape
100%
RicaCosta
100%
RepublicCzech/Dominican
100%
TimorEast
100%
SalvadorEl
100%
GuineaEquatorial
100%
BissauGuinea
100%
CoastIvory
100%
IslandsMarshall/Solomon
100%
LuciaSaint
100%
MarinoSan
100%
ArabiaSaudi
100%
LeoneSierra
100%
Africa/SudanSouth
100%
LankaSri
100%
States/KingdomUnited
100%
CityVatican
100%
ZealandNew
98%
MacedoniaNorth
98%
KoreaNorth/South
93%

Score Distribution

Percentile by Number Answered

Percent of People with Each Score

Your Score History

You have not taken this quiz